000 01319nam0a22003131 4500
001 rc\4078981
005 20260408083948.0
021 _aRU
_b[48-16626]
035 _a(NLR Aleph) 008124789
090 _a9386225
_c9386225
100 _a20130415d1948 |||y0rusy50 ca
101 0 _arus
102 _aRU
105 _aa z |||||
200 1 _aКоровник на 100 голов молочного скота
_e(Стены каркасные)
_fМ-во совхозов СССР. Всесоюз. проектная контора "Совхозстройпроект"
205 _a[Переизд. проекта 1945 г.]
210 _aМосква
_cСветогр. Госздравпроекта
_d1948
215 _a13 с., 5 л. черт.
_d30
225 1 _aСерия 4. Типовой проект
_v№ 26
300 _aАвт. проекта: архит. Гезенцвей
300 _aСветогр. изд.
606 _aКоровники
_jПроекты и чертежи
_2psbo
702 1 _aГезенцвей
_bИ.Г.
_gИосиф Григорьевич
_4570
712 0 2 _a"Совхозстройпроект", контора
_cМосква
_3RU\NLR\AUTH\8810177112
_9850385
801 0 _aRU
_bNLR
_gpsbo
801 1 _aRU
_bELAR
_2rusmarc
852 _aNLR
_jТ-80 Г-8/839
942 _cBOOK
980 _aNB